Central Library OPAC University of Rajshahi

Industrial polymers handbook : (Record no. 61658)

MARC details
000 -LEADER
fixed length control field 00984nam a2200241 a 4500
001 - CONTROL NUMBER
control field 61658
003 - CONTROL NUMBER IDENTIFIER
rucl marc code BD-RjUL
005 - DATE AND TIME OF LATEST TRANSACTION
control field 20211209081005.0
008 - FIXED-LENGTH DATA ELEMENTS--GENERAL INFORMATION
fixed length control field 170120s2001 gw ab f 001 0 eng d
020 ## - INTERNATIONAL STANDARD BOOK NUMBER
International Standard Book Number 3527302603 (set)
035 ## - SYSTEM CONTROL NUMBER
System control number (BD-RjUL)61782
040 ## - CATALOGING SOURCE
Original cataloging agency BDS
Language of cataloging eng
Transcribing agency BD-RjUL
Modifying agency BD-RjUL
041 ## - LANGUAGE CODE
Language code of text/sound track or separate title eng
082 0# - DEWEY DECIMAL CLASSIFICATION NUMBER
Classification number 668.9
Edition number 23
Author mark and year IND 2001
245 00 - TITLE STATEMENT
Title Industrial polymers handbook :
Remainder of title products, processes, applications /
Statement of responsibility, etc. Edward S. Wilks (editor).
260 ## - PUBLICATION, DISTRIBUTION, ETC. (IMPRINT)
Place of publication, distribution, etc. Weinheim ;
-- Chichester :
Name of publisher, distributor, etc. Wiley-VCH,
Date of publication, distribution, etc. c2001.
300 ## - PHYSICAL DESCRIPTION
Pagination 4 v. :
Illustrations ill. ;
Size 25 cm.
504 ## - BIBLIOGRAPHY, ETC. NOTE
Bibliography, etc Includes bibliographical references and indexes.
505 0# - FORMATTED CONTENTS NOTE
Formatted contents note v.1. (Polymerization processes, Synthetic polymers) --v.2 (Synthetic polymers (continued) --v.3. (Synthetic polymers (continued), Biopolymers and their derivatives) --v.4. (Biopolymers and their derivatives (continued), Indexes.)
650 #0 - SUBJECT ADDED ENTRY--TOPICAL TERM
Topical term or geographic name as entry element Polymers
Form subdivision Handbooks, manuals, etc.
9 (RLIN) 183657
700 1# - ADDED ENTRY--PERSONAL NAME
Personal name Wilks, Edward S.
942 ## - ADDED ENTRY ELEMENTS (KOHA)
Source of classification or shelving scheme Dewey Decimal Classification
Koha item type Books
Holdings
Lost status Source of classification or shelving scheme Damaged status Not for loan Collection code Permanent Location Current Location Shelving location Date acquired Source of acquisition Cost, normal purchase price Total Checkouts Full call number Date last seen Copy number Koha item type
  Dewey Decimal Classification   Not For Loan Non-fiction Central Library, University of Rajshahi Central Library, University of Rajshahi Reading Room 09/08/2008 Paragon Enterprise Ltd., Dhaka 292.50   668.9 IND V-1 2001 21/01/2017 C-1 Books
  Dewey Decimal Classification   Not For Loan Non-fiction Central Library, University of Rajshahi Central Library, University of Rajshahi Reading Room 09/08/2008 Paragon Enterprise Ltd., Dhaka 292.50   668.9 IND V-2 2001 21/01/2017 C-1 Books
  Dewey Decimal Classification   Not For Loan Non-fiction Central Library, University of Rajshahi Central Library, University of Rajshahi Reading Room 09/08/2008 Paragon Enterprise Ltd., Dhaka 292.50   668.9 IND V-3 2001 21/01/2017 C-1 Books
  Dewey Decimal Classification   Not For Loan Non-fiction Central Library, University of Rajshahi Central Library, University of Rajshahi Reading Room 09/08/2008 Paragon Enterprise Ltd., Dhaka 292.50   668.9 IND V-4 2001 21/01/2017 C-1 Books